Cabe na mala (Record no. 111767)

MARC details
000 -LÍDER
campo de controle de tamanho fixo 00929 a2200241 4500
001 - NÚMERO DE CONTROLE
campo de controle 111767
020 ## - ISBN - INTERNATIONAL STANDARD BOOK NUMBER
ISBN - International Standard Book Number 9788516072964
041 ## - CÓDIGO DE IDIOMA
Código do idioma do texto/trilha sonora ou título diferente por
082 ## - CDD - CLASSIFICAÇÃO DECIMAL DE DEWEY
Número de Classificação Year 1 028
040 ## - FONTE DA CATALOGAÇÃO
Instituição da catalogação original BR-BrIDEA
Instituição que transcreveu o registro BR-BrIDEA
090 ## - NÚMERO DE CHAMADA LOCAL
Número de chamada (OCLC) (R); Número de chamada, CALL (RLIN) (NR) Year 1 028
Número Cutter local (OCLC); Número de classificação do livro, CALL (RLIN) MAC
100 ## - ENTRADA PRINCIPAL--NOME PESSOAL
Nome pessoal Machado, Ana Maria
Datas associadas ao nome 1941
245 10 - TÍTULO
Título Cabe na mala
Indicação de responsabilidade, etc. Ana Mari Machado
260 ## - PUBLICAÇÃO, DISTRIBUIÇÃO, ETC.
Local de publicação, distribuição, etc. São Paulo
Nome do editor, distribuidor, etc. Moderna
Data da publicação, distribuição, etc. 2011
300 ## - DESCRIÇÃO FÍSICA
Extensão 24 p.
490 ## - TÍTULO DA SÉRIE
Título da série Mico Maneco
520 ## - NOTA DE RESUMO, ETC
Resumo, etc. A Série Mico Maneco oferece às crianças uma fascinante aventura: aprender a ler, lendo. Apresentando personagens bem brasileiras, inseridas em histórias curtas e imaginativas, estes livros fazem da alfabetização um prazer. São vinte livros, agrupados em cinco coleções, que acompanham o leitor à medida que vai apresentando maior domínio da leitura.
521 ## - NOTA DO PÚBLICO ALVO
Nota de público alvo Year 1
697 ## - ENTRADA DE ASSUNTO LOCAL--ENTIDADE COLETIVA (RLIN)
Nome corporativo ou nome da jurisdição Literatura infantojuvenil.
830 ## - ENTRADA SECUNDÁRIA DE SÉRIE--TÍTULO UNIFORME
Título uniforme Mico Maneco
856 ## - LOCALIZAÇÃO ELETRÔNICA E ACESSO
Uniform Resource Identifier <a href="00001e/00001edc.jpg">00001e/00001edc.jpg</a>
942 ## - ELEMENTOS DE ENTRADA ADICIONADOS (KOHA)
Tipo de material Koha Livros
Holdings
Situação do descarte Situação das perdas Fonte da classificação ou esquema de arquivamento na estante Situação física Não pode ser emprestado Biblioteca de origem Biblioteca atual Data de aquisição Total de empréstimos Número de chamada completo Código de barras Data de último acesso Data do preço efetivo Tipo de material Koha Data do último empréstimo
    Classificação Decimal de Dewey     ECB - SUDOESTE ECB - SUDOESTE 03/05/2016   Year 1 028 00023816SSW 23/01/2024 23/01/2024 Livros  
    Classificação Decimal de Dewey     ECB - SUDOESTE ECB - SUDOESTE 24/02/2014   Year 1 028 00007297SSW 23/01/2024 23/01/2024 Livros  
    Classificação Decimal de Dewey     ECB - SUDOESTE ECB - SUDOESTE 03/05/2016 1 Year 1 028 00023813SSW 09/09/2024 23/01/2024 Livros 06/05/2024
    Classificação Decimal de Dewey     ECB - SUDOESTE ECB - SUDOESTE 03/05/2016 1 Year 1 028 00023815SSW 09/09/2024 23/01/2024 Livros 06/05/2024
    Classificação Decimal de Dewey     ECB - ÁGUAS CLARAS ECB - ÁGUAS CLARAS 03/05/2016 2 A Year 1 028 MAC 00023814AGC 25/04/2024 23/01/2024 Livros 22/03/2024
    Classificação Decimal de Dewey     ECB - ÁGUAS CLARAS ECB - ÁGUAS CLARAS 03/05/2016 5 A Year 1 028 MAC 00023812AGC 24/05/2024 23/01/2024 Livros 17/05/2024